MDQL
is popping MORE tags! Check the
thread
!
Quizzes
Events
Quiz Creation
Community
Videos
Private Events
Remove Ads
Sign In
Join for FREE
Feedback
Dark Mode
Quiz Categories
Sports
Geography
Music
Movies
Television
Just For Fun
Miscellaneous
History
Literature
Language
Science
Gaming
Entertainment
Religion
Holiday
For Kids
Quiz Lab
Recent
Popular Today
Quiz Kudos Today
Editor Picks
Curator Picks
Quizzes by...
Day
Popularity
Type
Ratings
Length
Year
Community
Subscriptions
Recent Discussions
Orange Saloon
Badges
Playlists
Quests
Create
Leaderboards
Showdown
Live 5
Trivia Bingo
Activity
Puzzle Library
Sporcle Events
Private Events
Virtual Trivia
Globe League
Become a Host
Pub Owners
SporcleCon
Opinionation
Our Games
Videos
Blog
Mobile Apps
Partnerships
Remove Ads and Go Orange
Feedback
Music
Pop Music
The Beatles
Song
Album
Lyrics
Bands
Singers
Artist
Clip
Rock
Rap
Classical
Billboard
Country Music
Kpop
Taylor Swift
Music
Pop Music
The Beatles
Song
Album
Lyrics
Bands
Singers
Artist
Clip
Rock
Rap
Classical
Billboard
Country Music
Kpop
Taylor Swift
Random Quiz
Search Sporcle
×
Editor Pick
Editor Pick
Music
Song
Type in answers that appear in a list
Type in answers that appear in a list
Classic
Best Score? Go Orange.
End of the line lyrics - 1983! Stats
Can you name the songs from 1983 with these lyrics at the end of their first few lines?
By
smf2271
15m
20 Questions
375 Plays
375 Plays
375 Plays
Comments
Comments
Give Quiz Kudos
Give Quiz Kudos
-
- Ratings
hide this ad
Replay
Link that replays current quiz
Next Quiz
Link to next quiz in quiz playlist
You Got
0%
They Got
Avg Score
15%
Avg Friend Score
Upgrade to see
Score Distribution
Jump to the score distribution portion of the page
Score
0/20
Timer
15:00
0
Plays Today
Lyrics
Song Title
% Correct
combie /
zombies /
nervous /
breakfast
Down Under
74.7%
queen /
scene /
mind /
mean /
one
Billie Jean
44.3%
land /
stand /
alley /
Palais
Come Dancing
33.3%
this /
disagree /
seas /
something
Sweet Dreams
23.7%
tonight /
conversation /
flight /
salvation
Africa
14.9%
best /
rest /
downstairs /
sleep /
keep /
around
Our House
14.7%
violence /
done /
washing /
sun
Electric Avenue
12.8%
come /
fun /
done /
on /
dance /
romance
All Night Long
12.5%
motion /
me /
ocean /
harmony
She Blinded Me With Science
10.4%
time /
crime /
steal /
danced /
eyes /
real
Do You Really Want To Hurt Me
9.6%
Lyrics
Song Title
% Correct
night /
life /
all /
crazy /
heart /
life /
zone /
dance
Maniac
9.3%
astray /
day /
everywhere /
care
1999
8.3%
seems /
dreams /
toe /
soul
True
8.3%
needed /
made /
unheeded /
mislaid
Keep Feeling Fascination
7.5%
today /
yesterday /
top /
stop
King Of Pain
6.9%
yesterday /
hideaway /
go /
day /
away
Is There Something I Should Know
5.3%
reason /
season /
you /
face /
child
In A Big Country
4.8%
shy /
eyes /
glass /
class
She's A Beauty
4.8%
life /
future /
make /
loser
Owner Of A Lonely Heart
3.7%
doubt /
doubt /
true /
through /
kids /
did
Promises Promises
2.7%
Quiz Playlist
Details
Report
Send in Message
Add To Playlist
Classic:
Type in answers that appear in a list
Last Updated: Feb 16, 2017
Editor Pick in
Music
Quiz Scoreboard
CHALLENGE
Sign Up to Join the Scoreboard
Show All
Scores
Hide
Comments
May contain spoilers
Recently Published
1-10 Letter E Words III
by El_Dandy
Language
2m
Street Fighter Characters
by Artimus82
Gaming
60s
College Basketball Coaching Resumes
by pancakes188
Sports
9m
More to Explore
Quiz From the Vault
Featured Blog Post
Where Did the Easter Bunny Come From?
hide this ad
You Might Also Like...
Tags
Artist Quiz
Song Quiz
1983
end
Few
Today's Top Quizzes in Music
Browse Music
hide this ad
Today's Top Quizzes in Song
Browse Song
Top Contributed Quizzes in Music
1
Taylor Swift All Songs (2024)
2
Taylor Swift Logic Puzzle
3
Guess the Artist- 70s Songs
4
7-to-1: Billboard Hot 100 #1 Hits of 2010s
5
Sorting Albums and Songs
6
Billboard Blitz: Aretha Franklin
7
KPOP LOGIC QUIZ
8
Guess the Taylor Swift song (Mystery Song)
9
Guess The Taylor Swift Lyrics Song #1
10
Billboard Blitz: ABBA
Explore More
Trending Topics
Anime
Disney
Harry Potter
Kpop
Marvel
NBA
Crossword
Country
WWE
The Office
Song
Soccer
Pokémon
Puzzle
NFL
hide this ad
More By:
smf2271
Quiz
Plays
Rating
Category
Featured
Created
End of the line lyrics - 1983!
375
3.33
Music
Aug 8, 2011
80s one-word lyrics clues! Challenging!
153
3.00
Music
Aug 31, 2010
Go to Creator's Profile
Score Distribution
Quiz Creator Spotlight
smf2271
Follow
Send a Message
Quizzes Created
-
Created Quiz Play Count
-
More By This Creator
Popular Quizzes Today
1
Find the US States - No Outlines Minefield
2
Find the Countries of Europe - No Outlines Minefield
3
The Countries of the World
4
Find the US States
5
Risky Map Clicking: Biggest States A-Z
6
US States
7
Popular People in 1961
8
Movies - When Are They Set?
More Music Quizzes
Classical Music for Illiterates
Published
Trending Quizzes
Risky Map Clicking: Least Populous States A-Z
Billboard Blitz: Aretha Franklin
Famous Russians: Author or Composer?
1-10 Letter G Words
Countries of the World: 200 Million BC
Recently Updated
Leaping Animals
pecheneg
Reality TV Shows (A-Z)
bhenderson79
Rickey Henderson's Hall of Fame Teammates
pecheneg
Champions League XIs: Arsenal
pecheneg
Quick Pick: Celebrities in WWE's Hall of Fame
aduchscher
A-Z Keypad Blitz II
pecheneg
Multiple Oscar Actors
pecheneg
Mystery Phrase Blitz: Oscar 'Best Actors'
pecheneg
F. Scott Fitzgerald Novels
LTH
Pick 3 Villains
ddd62291
Trending Topics
Anime
Kpop
Marvel
Harry Potter
Crossword
NBA
Disney
Pokémon
NFL
WWE
Song
Puzzle
Soccer
The Office
Country
Your Account Isn't Verified!
In order to create a playlist on Sporcle, you need to verify the email address you used during registration. Go to your
Sporcle Settings
to finish the process.
Report this User
Report this user for behavior that violates our
Community Guidelines
.
Details:
Send Report
Go to the Sporcle.com Mobile Site →
Comments